000 01073nam a2200265Ia 4500
003 OSt
005 20220930204357.0
006 a|||||r|||| 00| 0
007 ta
008 220926b |||||||| |||| 00| 0 hin d
024 _a10379
037 _cDissertations
040 _aCRL
_cCRL
_bhin
041 _2hin
_ahin
100 _aयादव, किशन सिंह, ले.
110 _aदिल्ली विश्वविद्यालय. कला संकाय. हिन्दी विभाग
245 0 _aमध्यवर्गीय महत्वाकांक्षा और ‘ रक्तबीज ’
246 _aMadhyavargīya mahatvākāankṣhā aur ṣh raktabīj ṣh
260 _c2012
300 _a106पृ0
_ccm.
650 _aहिन्दी साहित्य
700 _aदिल्ली विश्वविद्यालय. कला संकाय. हिन्दी विभाग
942 _cDIS
_2CC
999 _c905953
_d905953